Relaciones intersectorales / (Registro nro. 8524)

Detalles MARC
000 -LEADER
fixed length control field 01448nam a2200277Ia 4500
003 - CONTROL NUMBER IDENTIFIER
control field OSt
005 - DATE AND TIME OF LATEST TRANSACTION
control field 20210907111002.0
008 - FIXED-LENGTH DATA ELEMENTS--GENERAL INFORMATION
fixed length control field 210310s1963 sp fr 001 0 spa d
040 ## - CATALOGING SOURCE
Original cataloging agency CO-JMCR
Transcribing agency CO-JMCR
041 1# - LANGUAGE CODE
Language code of text/sound track or separate title spa
Language code of original eng
082 04 - DEWEY DECIMAL CLASSIFICATION NUMBER
Classification number 338 /
Item number R225r
Edition number 23
100 1# - MAIN ENTRY--PERSONAL NAME
Personal name Rasmussen, Poul Norregaard,
9 (RLIN) 17522
Relator term autor
245 10 - TITLE STATEMENT
Title Relaciones intersectorales /
Statement of responsibility, etc. P. Norregaard Rasmussen ; traducción del inglés por Iluminada García Díaz
260 ## - PUBLICATION, DISTRIBUTION, ETC.
Place of publication, distribution, etc. Madrid :
Name of publisher, distributor, etc. Aguilar,
Date of publication, distribution, etc. 1963
300 ## - PHYSICAL DESCRIPTION
Extent [1] hoja plegable, 210 páginas ;
Dimensions 22 cm.
490 0# - SERIES STATEMENT
Series statement Biblioteca de Ciencias Sociales. Sección primera: Economía
500 ## - GENERAL NOTE
General note Incluye notas a pie de página e índices alfabético de autores y materias.<br/>Título original: Studies in intersectorial relations
504 ## - BIBLIOGRAPHY, ETC. NOTE
Bibliography, etc. note Bibliografía: páginas [199]-204
505 0# - FORMATTED CONTENTS NOTE
Formatted contents note Contabilidad interindustrial elemental -- Modelos "input-output" -- Precios y rentas: teoría -- Precios y rentas: soluciones empíricas -- Teoría de la relación real de intercambio interindustrial -- Relación real de intercambio interindustrial: soluciones empíricas -- Análisis estructural: teoría -- Análisis estructural: soluciones empíricas
546 ## - LANGUAGE NOTE
Language note Traducido del inglés.
650 14 - SUBJECT ADDED ENTRY--TOPICAL TERM
Topical term or geographic name entry element Investigación industrial
9 (RLIN) 17524
650 24 - SUBJECT ADDED ENTRY--TOPICAL TERM
Topical term or geographic name entry element Economía
General subdivision Investigaciones
9 (RLIN) 40074
650 24 - SUBJECT ADDED ENTRY--TOPICAL TERM
Topical term or geographic name entry element Análisis de entrada-salida
9 (RLIN) 40075
700 1# - ADDED ENTRY--PERSONAL NAME
Personal name García Díaz, Iluminada,
Relator term traductora
9 (RLIN) 40076
942 ## - ADDED ENTRY ELEMENTS (KOHA)
Source of classification or shelving scheme Dewey Decimal Classification
Koha item type Books
Existencias
Withdrawn status Lost status Source of classification or shelving scheme Damaged status Not for loan Collection code Home library Current library Date acquired Source of acquisition Full call number Barcode Date last seen Copy number Koha item type
    Dewey Decimal Classification     Non-fiction Biblioteca Pública José María del Castillo y Rada Biblioteca Pública José María del Castillo y Rada 04/15/2018 Donación 338 / R225r 430006168 05/16/2024 Ej.1 Books